El diagnóstico psicopatológico (Record no. 172197)
[ view plain ]
| 000 -CABECERA | |
|---|---|
| campo de control de longitud fija | 01742cab a2200253 ab4500 |
| 005 - FECHA Y HORA DE LA ÚLTIMA TRANSACCIÓN | |
| campo de control | 20240213064359.0 |
| 008 - ELEMENTOS DE LONGITUD FIJA--INFORMACIÓN GENERAL | |
| campo de control de longitud fija | 991125c2013 ck fr p o 000 0 spa d |
| 035 ## - NÚMERO DE CONTROL DEL SISTEMA | |
| Número de control de sistema | UPN01000200096 |
| 040 ## - FUENTE DE LA CATALOGACIÓN | |
| Centro catalogador/agencia de origen | MX-MxUPN |
| Lengua de catalogación | spa |
| Centro/agencia transcriptor | MX-MxUPN |
| Normas de descripción | aacr2 |
| 049 ## - COLECCIÓN | |
| Colección | ART-E |
| 100 1# - ASIENTO PRINCIPAL--NOMBRE PERSONAL | |
| Nombre de persona | Duero, Dante Gabriel |
| Enlace | - dduero@yahoo.com |
| 245 13 - MENCIÓN DE TÍTULO | |
| Título | El diagnóstico psicopatológico |
| Resto del título | : características y supuestos epistemológicos en los que se sustenta |
| Medio | [recurso electrónico en línea] |
| 506 0# - NOTA DE RESTRICCIONES AL ACCESO | |
| Limitaciones de acceso | Acceso abierto |
| 520 3# - NOTA DE RESUMEN, ETC. | |
| Sumario, etc. | Urgida por la necesidad de justificarla e incluirla como una rama médica, así como de otorgarle credibilidad y defender su autoridad al abordar los llamados desórdenes mentales, la profesión psiquiátrica se ha inclinado a privilegiar los modelos biológicos y conceptualizar estos fenómenos como resultados de disfunciones orgánicas. Sin embargo, en este artículo se señala que la labor del psicopatólogo supone una valoración comprensiva y biográfica de los marcos interpretativos, las acciones y la personalidad del enfermo como unidad intencional e histórica. Se reafirma la especificidad del discurso psicológico y psiquiátrico, y los supuestos de apoyo. Se discuten aspectos del diagnóstico y la labor clínica en psicopatología a la luz de la propuesta narrativa de Paul Ricoeur. |
| 600 12 - ASIENTO SECUNDARIO DE MATERIA - NOMBRE PERSONAL | |
| 9 (RLIN) | 19732 |
| Nombre de persona | RICOEUR, PAUL, |
| Fechas asociadas al nombre | 1913-2005 - |
| Subdivisión general | CRITICA E INTERPRETACION |
| 650 #4 - ASIENTO SECUNDARIO DE MATERIA - TERMINO TEMATICO | |
| Término de materia o nombre geográfico como elemento de entrada | Psiquiatría |
| 9 (RLIN) | 10046 |
| 650 #7 - ASIENTO SECUNDARIO DE MATERIA - TERMINO TEMATICO | |
| Término de materia o nombre geográfico como elemento de entrada | Psicopatología |
| Fuente del encabezamiento o término | |
| 9 (RLIN) | 45619 |
| 653 0# - TERMINO DE INDIZACION - NO CONTROLADO | |
| Término no controlado | DIAGNOSTICO CLINICO |
| 773 ## - ENLACE AL DOCUMENTO FUENTE/ENTRADA DE REGISTRO ANFITRIÓN | |
| Parte(s) relacionada(s) | Vol. 22, no. 1 (2013), p. 91-106 |
| Título | Revista colombiana de psicología |
| 856 4# - LOCALIZACIÓN Y ACCESO ELECTRÓNICOS | |
| Identificador Uniforme del Recurso | <a href="http://www.revistas.unal.edu.co/index.php/psicologia/article/view/20235/40805">http://www.revistas.unal.edu.co/index.php/psicologia/article/view/20235/40805</a> |
| 905 ## - TIPO DE MATERIAL | |
| Tipo de material | Articulo |
| 942 ## - ELEMENTOS DE PUNTO DE ACCESO ADICIONAL (KOHA) | |
| Tipo de ítem Koha | Artículo Electrónico |
| Estado de retiro | Estado de pérdida | Estado dañado | No para préstamo | Código de colección | Localización permanente | Ubicación/localización actual | Ubicación en estantería | Fecha de adquisición | Fecha visto por última vez | Identificador Uniforme del Recurso | Tipo de ítem Koha |
|---|---|---|---|---|---|---|---|---|---|---|---|
| Acceso abierto | Bib. Gregorio Torres Quintero | Bib. Gregorio Torres Quintero | En línea | 10/08/2022 | 10/08/2022 | http://www.revistas.unal.edu.co/index.php/psicologia/article/view/20235/40805 | Artículo Electrónico |
